| 000 | 00752nam a22001937a 4500 | ||
|---|---|---|---|
| 003 | OSt | ||
| 005 | 20240905090259.0 | ||
| 008 | 240905b ||||| |||| 00| 0 eng d | ||
| 040 | _cAIMIT LIBRARY | ||
| 100 |
_aH R Prathika. _e2216141 _9178715 |
||
| 245 |
_aEffectiveness of performance management and feedback system towards organization commitment of manjushree heat tech pvt ltd in Bangalore / _cBy Prathika H R ; Guided by Steevan Dsouza N. |
||
| 260 |
_aBengaluru ; _c2024. |
||
| 650 |
_aResearch methodology _9178716 |
||
| 650 |
_aData analysis and interpretation _9178717 |
||
| 650 |
_aFindings suggestions and conclusion _9178718 |
||
| 700 |
_aDsouza N, Steevan. _eGuide _9178719 |
||
| 856 | _3Manjushree heat tech pvt ltd | ||
| 942 |
_2ddc _cPRO |
||
| 999 |
_c231736 _d231736 |
||